000 00566nam a2200169 i 4500
001 147567
003 ES-MaACL
005 20240426063035.0
007 t|
008 071003s1933 sp ||||1| spa d
100 1 _aUrales, Federico,
_d1864-1942
_9112055
245 1 0 _aEspaña 1933
_b: la barbarie gubernamental en Barcelona, Tarrasa, Sardañola, Ripollet, Lérida, Sallent y Casas Viejas /
_cFederico Urales (seud.).
260 _aBarcelona :
_bCosta,
_c1933.
300 _a255 p. ;
_c19 cm.
852 _aES-MaACL
_jB-12522
999 _c147567
_d147567